| 000 | 00355cam a2200145ua 4500 | ||
|---|---|---|---|
| 041 |
_amal _h |
||
| 082 |
_a894.812308 _bSET/KA |
||
| 100 | _aSethu Pillai, R.P . | ||
| 245 |
_aKamalambal / _cR.P Sethu Pillai. _hTextual Documents |
||
| 260 |
_aThrissur : _bCurrent Books , _c1995. |
||
| 300 | _a251 ; . | ||
| 504 | _a | ||
| 942 | _cBK | ||
| 999 |
_c4866 _d4866 |
||